McGraw-Hill yearbook of science and technology / David I. Eggenberger (Record no. 182775)
[ view plain ]
| 000 -LEADER | |
|---|---|
| fixed length control field | 00950 a2200169 4500 |
| 003 - CONTROL NUMBER IDENTIFIER | |
| control field | Nust |
| 005 - DATE AND TIME OF LATEST TRANSACTION | |
| control field | 20221020145858.0 |
| 020 ## - INTERNATIONAL STANDARD BOOK NUMBER | |
| International Standard Book Number | 0076-2016 |
| 040 ## - CATALOGING SOURCE | |
| Transcribing agency | Nust |
| 082 ## - DEWEY DECIMAL CLASSIFICATION NUMBER | |
| Classification number | 620.03,MCG |
| 245 ## - TITLE STATEMENT | |
| Title | McGraw-Hill yearbook of science and technology / David I. Eggenberger |
| Statement of responsibility, etc. | Serial (Periodical, Newspaper, etc.) |
| 260 ## - PUBLICATION, DISTRIBUTION, ETC. | |
| Place of publication, distribution, etc. | New York, |
| Name of publisher, distributor, etc. | McGraw-Hill Book Co. |
| Date of publication, distribution, etc. | 1965 |
| 300 ## - PHYSICAL DESCRIPTION | |
| Extent | 454:p |
| Other physical details | v. ill. 26 cm. |
| 505 ## - FORMATTED CONTENTS NOTE | |
| Formatted contents note | Preview of 1965 (Page 1-77), Computer aided Design (Page 1-9), Virus and Cancer (Page 10-17), Quasi-Stellar radio sources (Page 18-25), Behavior Genetics (Page 26-35), Underground nuclear explosion detection (Page 36-45), Air sea interaction (Page 46-51), Microorganisms in evolution (Page 52-58), International hydrologic decade (Page 59-65), organ transplant developments (Page 66-67), Photographic highlights (Page 79-94), Review of 1964 (Page 95-431). |
| 650 ## - SUBJECT ADDED ENTRY--TOPICAL TERM | |
| Topical term or geographic name entry element | yearbook of science and technology. |
| 9 (RLIN) | 101017 |
| 942 ## - ADDED ENTRY ELEMENTS (KOHA) | |
| Source of classification or shelving scheme | |
| Koha item type | Book |
| Withdrawn status | Lost status | Source of classification or shelving scheme | Damaged status | Not for loan | Permanent Location | Current Location | Shelving location | Date acquired | Full call number | Barcode | Date last seen | Price effective from | Koha item type | Public note |
|---|---|---|---|---|---|---|---|---|---|---|---|---|---|---|
| Military College of Signals (MCS) | Military College of Signals (MCS) | General Stacks | 12/12/2016 | 620.03,MCG | MCS6568 | 12/08/2016 | 12/12/2016 | Book | Almirah No.27, Shelf No.2 |
